Giáo trình nông học đại cương

Gespeichert in:
Bibliographische Detailangaben
1. Verfasser: Trịnh, Xuân Ngọ
Format: Giáo trình
Sprache:Undetermined
Veröffentlicht: Đại học Công nghiệp Tp. Hồ Chí Minh 2019
Schlagworte:
Tags: Tag hinzufügen
Keine Tags, Fügen Sie den ersten Tag hinzu!
Thư viện lưu trữ: Trung tâm Thư viện - Trường Đại học Công nghiệp TP. Hồ Chí Minh
LEADER 00524nam a2200157Ia 4500
001 UIH_00022
008 230809s9999 xx 000 0 und d
082 |a 630 
100 |a Trịnh, Xuân Ngọ 
245 0 |a Giáo trình nông học đại cương 
245 0 |c Trịnh, Xuân Ngọ 
260 |b Đại học Công nghiệp Tp. Hồ Chí Minh 
260 |c 2019 
650 |a Nông nghiệp 
927 |a Giáo trình 
980 |a Trung tâm Thư viện - Trường Đại học Công nghiệp TP. Hồ Chí Minh